Estudio sobre la cosecha 1967-68 (Record no. 29000)

MARC details
000 -LEADER
campo de control de longitud fija 00589nam a2200157 i 4500
001 - NÚMERO DE CONTROL
campo de control 29000
003 - IDENTIFICADOR DE NÚMERO DE CONTROL
campo de control ES-MaACL
007 - CAMPO FIJO DE DESCRIPCIÓN FÍSICA--INFORMACIÓN GENERAL
campo de control de longitud fija t|
008 - DATOS DE LONGITUD FIJA--INFORMACIÓN GENERAL
campo de control de longitud fija 030120s1968 ho ||||1| spa d
110 2# - ENTRADA PRINCIPAL--NOMBRE DE ENTIDAD CORPORATIVA
Nombre de entidad corporativa o nombre de jurisdicción como elemento de entrada Banco Nacional de Fomento (Honduras).
Unidad subordinada Oficina Plan Tabacalero.
9 (RLIN) 2135
245 10 - MENCIÓN DEL TÍTULO
Título Estudio sobre la cosecha 1967-68
Resto del título : zona central y oriental /
Mención de responsabilidad, etc. Banco Nacional de Fomento (Honduras). Oficina Plan Tabacalero ; preparado por: Isidoro Beraja.
260 ## - PUBLICACIÓN, DISTRIBUCIÓN, ETC.
Lugar de publicación, distribución, etc. Tegucigalpa :
Nombre del editor, distribuidor, etc. [s.n.,
Fecha de publicación, distribución, etc. 1968]
300 ## - DESCRIPCIÓN FÍSICA
Extensión 126 h. ;
Dimensiones 28 cm.
700 1# - ENTRADA AGREGADA--NOMBRE PERSONAL
Nombre de persona Beraja, Isidoro.
9 (RLIN) 27819
852 ## - LOCALIZACIÓN
Ubicación ES-MaACL
Número de control de estantería E-8240
Sublocalización o colección R.92842
Holdings
Estatus retirado Estado de pérdida Estado de daño No para préstamo Biblioteca de origen Biblioteca actual Ubicación en estantería Fecha de adquisición Fuente de adquisición Total de préstamos Signatura topográfica completa Código de barras Visto por última vez Precio de reemplazo Tipo de ítem Koha
        Biblioteca del Ateneo de Madrid Biblioteca del Ateneo de Madrid Depósito 2 17/01/2008     E-8240 1029940 23/02/2023 23/02/2023 Libro impreso